00355nam a2200133Ia 4500003000400000008004100004040001600045082001600061100002500077245004300102260004500145300000800190650002300198GCL140319s9999 xx 000 0 eng d aGCL / cGCL04a862.08bG L1 aGALDOS, BENITO PEREZ10aLA DE BRINGAS / cGALDOS, BENITO PEREZ a[S.N] : bEL LIBRO DE BOLSILLO ، c1984 a31204aSPANISH LITERATURE